01386nam a2200313uu 4500001000800000005001700008007001000025008004100035035001200076040001300088041000800101080000800109100004300117245011100160260004300271300001700314520041400331650002400745650002300769650004300792650003200835650002000867650002900887700004600916700004200962700004801004502001201052526000801064119370820260507135302.0cr|||||||100316e20100316 spa  a1193708 ccomduadb aspa aEGM10aRincón Cardona, Juan Pablo4auteaut10aMonitoreo en línea de autotransformadores de potencia de 150 MVA de la subestación San Carlos a 500 KV aMedellín :b[sin publicador],c2010. a79 páginas3 aEste trabajo trata el tema de mantenimiento de transformadores de potencia, desde el punto de vista de análisis de gases disueltos -AGD- en aceite mineral. El aceite mineral es uno de los principales medios de aislamiento y refrigeración de los mismos. En el trabajo se exploran los principales métodos usados internacionalmente para hacer el diagnóstico de transformadores de potencia basados en AGD. aAutotransformadores aRedes de monitoreo aSubestación San Carlos - Sabanalarga aTransformadores de potencia aGases disueltos 7aAceites minerales2embne10aLuque López, Víctor Darío4auteaut10aMesa Álvarez, Juan Carlos4auteaut10aHincapié Botero, Luis Guillermo4thseths b192c17 a194